Each NFL Team's Top Scoring QB - Statistics

General Stats
  • This quiz has been taken 35 times
  • The average score is 21 of 32
Answer Stats
Team & Rookie Year Quarterback % Correct
Dolphins 1983 Dan Marino
100%
Packers 2005 Aaron Rodgers
97%
Ravens 2018 Lamar Jackson
97%
Colts 1998 Peyton Manning
97%
Broncos 1998 Peyton Manning
97%
Patriots 2000 Tom Brady
97%
Buccaneers 2000 Tom Brady
97%
Bengals 2020 Joe Burrow
93%
Bills 2018 Josh Allen
93%
Lions 2009 Matthew Stafford
93%
Chiefs 2017 Patrick Mahomes
93%
Seahawks 2012 Russell Wilson
93%
Steelers 2004 Ben Roethlisberger
90%
Saints 2001 Drew Brees
90%
Falcons 2008 Matt Ryan
90%
Cowboys 2003 Tony Romo
83%
Rams 1994 Kurt Warner
80%
Chargers 2004 Phillip Rivers
80%
49ers 1985 Steve Young
77%
Cardinals 2003 Carson Palmer
67%
Texans 2017 Deshaun Watson
67%
Jaguars 2014 Blake Bortles
53%
Eagles 2016 Carson Wentz
47%
Vikings 1999 Daunte Culpepper
40%
Raiders 1963 Daryle Lamonica
27%
Giants 1948 Y. A. Tittle
27%
Browns 1972 Brian Sipe
20%
Commanders 1957 Sonny Jurgensen
20%
Panthers 1987 Steve Beuerlein
20%
Bears 1987 Erik Kramer
7%
Jets 2005 Ryan Fitzpatrick
7%
Titans 1949 George Blanda
3%
No matching quizzes found
Score Distribution
Percent of People with Each Score
Percentile by Number Answered
Your Score History
You have not taken this quiz